Primer to The immune response. (Record no. 233346)

000 -LEADER
fixed length control field 01659cam a22004577i 4500
001 - CONTROL NUMBER
control field 18209727
003 - CONTROL NUMBER IDENTIFIER
control field Nust
005 - DATE AND TIME OF LATEST TRANSACTION
control field 20170307103652.0
008 - FIXED-LENGTH DATA ELEMENTS--GENERAL INFORMATION
fixed length control field 140702s2014 ne a b 001 0 eng d
010 ## - LIBRARY OF CONGRESS CONTROL NUMBER
LC control number 2014395566
015 ## - NATIONAL BIBLIOGRAPHY NUMBER
National bibliography number GBB412493
Source bnb
016 7# - NATIONAL BIBLIOGRAPHIC AGENCY CONTROL NUMBER
Record control number 016620587
Source Uk
020 ## - INTERNATIONAL STANDARD BOOK NUMBER
International Standard Book Number 9780123852458 (pbk.)
020 ## - INTERNATIONAL STANDARD BOOK NUMBER
International Standard Book Number 0123852455 (pbk.)
020 ## - INTERNATIONAL STANDARD BOOK NUMBER
Canceled/invalid ISBN 9780123854612 (PDF ebook)
035 ## - SYSTEM CONTROL NUMBER
System control number (OCoLC)ocn870424852
040 ## - CATALOGING SOURCE
Transcribing agency ASAB
042 ## - AUTHENTICATION CODE
Authentication code lccopycat
050 00 - LIBRARY OF CONGRESS CALL NUMBER
Classification number QR186
Item number .M35 2014
060 #4 - NATIONAL LIBRARY OF MEDICINE CALL NUMBER
Classification number QW 504 M235p 2014
082 04 - DEWEY DECIMAL CLASSIFICATION NUMBER
Classification number 616.079 MAK
Edition number 23
100 1# - MAIN ENTRY--PERSONAL NAME
Personal name Mak, Tak W.,
Dates associated with a name 1945-
Relator term author.
245 10 - TITLE STATEMENT
Title Primer to The immune response.
250 ## - EDITION STATEMENT
Edition statement 2nd edition /
Remainder of edition statement Tak W. Mak, Mary E. Saunders, Bradley D. Jett ; contributors: Wendy L. Tamminen, Maya R. Chaddah.
264 #1 - PRODUCTION, PUBLICATION, DISTRIBUTION, MANUFACTURE, AND COPYRIGHT NOTICE
Place of production, publication, distribution, manufacture Amsterdam ;
-- Boston :
Name of producer, publisher, distributor, manufacturer Elsevier/AP Cell, AP Cell is an imprint of Elsevier,
Date of production, publication, distribution, manufacture, or copyright notice 2014.
300 ## - PHYSICAL DESCRIPTION
Extent xxvii, 674 pages :
Other physical details color illustrations ;
Dimensions 28 cm
336 ## - CONTENT TYPE
Content type term text
Content type code txt
Source rdacontent
336 ## - CONTENT TYPE
Content type term still image
Content type code sti
Source rdacontent
337 ## - MEDIA TYPE
Media type term unmediated
Media type code n
Source rdamedia
338 ## - CARRIER TYPE
Carrier type term volume
Carrier type code nc
Source rdacarrier
500 ## - GENERAL NOTE
General note Previous edition: 2008.
504 ## - BIBLIOGRAPHY, ETC. NOTE
Bibliography, etc. note Includes bibliographical references and index.
650 #0 - SUBJECT ADDED ENTRY--TOPICAL TERM
Topical term or geographic name entry element Immune response.
650 #0 - SUBJECT ADDED ENTRY--TOPICAL TERM
Topical term or geographic name entry element Immunology.
650 #2 - SUBJECT ADDED ENTRY--TOPICAL TERM
Topical term or geographic name entry element Immune System.
650 #2 - SUBJECT ADDED ENTRY--TOPICAL TERM
Topical term or geographic name entry element Immune System Diseases.
650 #2 - SUBJECT ADDED ENTRY--TOPICAL TERM
Topical term or geographic name entry element Immunity.
700 1# - ADDED ENTRY--PERSONAL NAME
Personal name Saunders, Mary E.
Titles and other words associated with a name (Scientific editor),
Relator term author.
700 1# - ADDED ENTRY--PERSONAL NAME
Personal name Jett, Bradley D.,
Relator term author.
906 ## - LOCAL DATA ELEMENT F, LDF (RLIN)
a 7
b cbc
c copycat
d 2
e ncip
f 20
g y-gencatlg
942 ## - ADDED ENTRY ELEMENTS (KOHA)
Source of classification or shelving scheme
Koha item type Book
Holdings
Withdrawn status Lost status Source of classification or shelving scheme Damaged status Not for loan Collection code Permanent Location Current Location Date acquired Total Checkouts Full call number Barcode Date last seen Price effective from Koha item type
            Atta-ur-Rahman School of Applied Biosciences (ASAB) Atta-ur-Rahman School of Applied Biosciences (ASAB) 03/07/2017   616.079 MAK ASAB3148 12/03/2025 03/07/2017 Book
© 2023 Central Library, National University of Sciences and Technology. All Rights Reserved.